[Event "CRO-ch U13"]
[Site "Trogir"]
[Date "2019.06.19"]
[Round "4"]
[White "Tadic, Luka"]
[Black "Begic, Domagoj"]
[Result "0-1"]
[WhiteElo "1337"]
[BlackElo "1617"]
[PlyCount "92"]
[EventDate "2019.06.17"]
[EventType "swiss"]
[EventRounds "9"]
[EventCountry "CRO"]
[SourceTitle "EXT 2020"]
[Source "ChessBase"]
[SourceDate "2019.10.17"]
[SourceVersion "1"]
[SourceVersionDate "2019.10.17"]
[SourceQuality "1"]

1. e4 c5 2. Nf3 Nc6 3. d4 cxd4 4. Nxd4 e6 5. Nc3 Be7 6. Ndb5 a6 7. Nd6+ Bxd6 8. Qxd6 Qe7 9. e5 f6 10. f4 Qxd6 11. exd6 f5 12. Be3 b5 13. 0-0-0 Bb7 14. h3 h5 15. Re1 Nf6 16. Be2 Kf7 17. Bf3 Na5 18. b3 Rac8 19. Bb6 Bxf3 20. Bxa5 Bxg2 21. Rh2 Bb7 22. Kb2 Rhg8 23. Rg1 Nh7 24. Bc7 g5 25. fxg5 Nxg5 26. h4 Nf3 27. Rxg8 Rxg8 28. Re2 Nxh4 29. Rh2 Ng6 30. Rxh5 Rh8 31. Rxh8 Nxh8 32. Ne2 e5 33. Kc3 Ke6 34. Kd3 Nf7 35. c4 Nxd6 36. Bxd6 Kxd6 37. cxb5 axb5 38. Nc3 Bc6 39. b4 e4+ 40. Ke3 Ke5 41. Ne2 d5 42. Kd2 f4 43. Ng1 Kd4 44. Ne2+ Ke5 45. Ng1 f3 46. Ke3 d4+ 0-1